Understanding human motivation : what makes people tick? (Record no. 1304105)

MARC details
000 -LEADER
fixed length control field 00586nam a2200205Ia 4500
005 - DATE AND TIME OF LATEST TRANSACTION
control field 20250326144536.0
008 - FIXED-LENGTH DATA ELEMENTS--GENERAL INFORMATION
fixed length control field 250326s9999 xx 000 0 und d
020 ## - INTERNATIONAL STANDARD BOOK NUMBER
International Standard Book Number 0-631-21983-8
037 ## - SOURCE OF ACQUISITION
Stock number Textbook
040 ## - CATALOGING SOURCE
Original cataloging agency FMSL
Language of cataloging eng
Transcribing agency FMSL
041 ## - LANGUAGE CODE
Language code of text/sound track or separate title eng
Source of code eng
084 ## - COLON CLASSIFICATION NUMBER
Classification number S5 P4
Assigning agency FMSL
100 ## - MAIN ENTRY--PERSONAL NAME
Personal name Laming D
9 (RLIN) 749855
245 #0 - TITLE STATEMENT
Title Understanding human motivation : what makes people tick?
Statement of responsibility, etc. Laming D
260 ## - PUBLICATION, DISTRIBUTION, ETC.
Place of publication, distribution, etc. United Kingdom
Name of publisher, distributor, etc. United Kingdom, Blackwell
Date of publication, distribution, etc. 2004
300 ## - PHYSICAL DESCRIPTION
Extent 311p
365 ## - TRADE PRICE
Price amount 2445.5520000000001
942 ## - ADDED ENTRY ELEMENTS (KOHA)
Koha item type Textbook
Classification part S5 P4
Holdings
Withdrawn status Lost status Damaged status Not for loan Home library Current library Date acquired Source of acquisition Cost, normal purchase price Total Checkouts Full call number Barcode Date last seen Price effective from Koha item type
        Faculty of Management Library Faculty of Management Library 2025-03-26 Bhartiya Sahitya Bhavan 2445.55   S5 P4 ML1488532 2025-03-26 2025-03-26 Textbook
Copyright @ Delhi University Library System